Регионална библиотека "Любен Каравелов" - Русе

Декоративно тъкане у дома (Запис номер 115269)

MARC детайли
000 -Лидер
Контролно поле с фиксирана дължина 01339nam a2200361 a 4500
003 - Код на организацията, давaща контролен номер
Контролно поле BLK
005 - Дата и час на последна редакция
Контролно поле 20230529161623.0
008 - Елементи от данни с фиксирана дължина
fixed length control field 180409b bul|||||r ||||||| ||bul||
010 ## - Наследен системен номер
LC control number KNG00120746000
040 ## - Източник на каталожния запис
Идентификатор на билиотеката - собственик на записа BLK
041 ## - Код за език
Код за езика на текст/звукозапис или на отделно заглавие Български
Код за езика КДБФ Български
080 ## - УДК
Текстов определител УДК Художествени тъкани. Текстилно изкуство
УДК код - определител по УДК 745.52
УДК определител (035)
УДК - код + определител 745.52(035)
100 1# - Редна дума - Автор
Автор Митрева, Павлина Георгиева
Авторска отговорност първи автор
R(LIN) 314022
139 ## - Редно поле
Редна дума Митрева, Павлина Георгиева
Авторски знак Мито - М 72
245 10 - Сведения за заглавието
Заглавие Декоративно тъкане у дома
Редно поле (дума) Павлина Георгиева Митрева.
257 ## - Страна на издаване
Страна на създаване/издаване България
260 ## - Област на издателските данни
Място на издаване, разпространение и проч. София
Име на издателя, разпространителя и проч. Техника
Година на издаване 1988
300 ## - Физическа характеристика
Страници 111 с.
Илюстрации и др. с ил., 16 л. цв. ил.
Размери/Мащаб 24 см
380 ## - Жанр
Жанр Изкуство
500 ## - Общи забележки
Забележка Библиогр. с. 111
650 #4 - Допълнително описание по предмет – тема
Основно описание – тема или топоним Тъкане, традиционно
9 (RLIN) 174361
653 ## - Ключова дума – ненормативна
Ключова дума тъкачество
653 ## - Ключова дума – ненормативна
Ключова дума тъкачни станове
653 ## - Ключова дума – ненормативна
Ключова дума модели
653 ## - Ключова дума – ненормативна
Ключова дума килими
852 ## - Местоположение
Форматна сигнатура Цб 155819
856 4# - Електронен адрес и достъп
Електронен формат pdf - файл
856 4# - Електронен адрес и достъп
Електронен формат pdf - файл
942 ## - АРТИКУЛИ
Вид на библиотечния материал Книги
Скрит в OPAC Не
Koha issues (borrowed), all copies 5
944 ## - СЪЗДАВАНЕ И РЕДАКЦИЯ на ЗАПИСА
Създаване/Редакция Създаване
Дата на регистрацията/редакция 12.01.2011
Статус, дата на статуса добави в АБ / 11.01.2011
Служител, извършил регистрацията/редакцията Ирена_Линкова
944 ## - СЪЗДАВАНЕ И РЕДАКЦИЯ на ЗАПИСА
Създаване/Редакция Редакция
Дата на регистрацията/редакция 27.08.2015
Статус, дата на статуса добави в АБ / 11.01.2011
Служител, извършил регистрацията/редакцията Геновева_Генчева
999 ## - СИСТЕМНИ КОНТРОЛНИ НОМЕРА
Koha biblionumber 115269
Koha biblioitemnumber 115269
999 ## - СИСТЕМНИ КОНТРОЛНИ НОМЕРА
Koha biblioitemnumber 115269
Наличности
Код за отписване Код за изгубен артикул Източник на класификационната схема Код за повреда Коз за рестрикции Код за отдаване Артикулен № Име на библиотеката - собственик Име на библиотеката, в която се намира в момента Статус (Текущо местоположение) Дата на вписване в системата Местоположение - отдел Цена в лева Инвентарен номер Систематично азбучна сигнатура Баркод Номер на екземпляра Цена в евро Служебна бележка Служебен тип на артикула
Изтеглен Не е изгубен Universal Decimal Classification Не е повреден без рестрикции заемане за дома 185114 Регионална библиотека "Любен Каравелов" Русе Регионална библиотека "Любен Каравелов" Русе Отдел Изкуство - подръчен фонд 1988-01-01 Отдел Изкуство - подръчен фонд 2.00 512473 745/М 72 512473 1 1.02 N: стар фонд Дата: 01.01.1988 Дата инв: 07.06.2012 Бележки инв: * Книги
  Не е изгубен Universal Decimal Classification Не е повреден само за читалня ползва се в читалня 185115 Регионална библиотека "Любен Каравелов" Русе Регионална библиотека "Любен Каравелов" Русе Хранилище 1988-01-01 Хранилище 2.00 512187 Цб 155819 120000512187 2 1.02 Дост: Dp Вид: Д N: стар фонд Дата: 01.01.1988 Книги
  Не е изгубен Universal Decimal Classification Не е повреден без рестрикции заемане за дома 185116 Регионална библиотека "Любен Каравелов" Русе Регионална библиотека "Любен Каравелов" Русе Отдел Изкуство - подръчен фонд 1988-01-01 Отдел Изкуство - подръчен фонд 2.00 512475 745/749/М 72 120000512475 3 1.02 Дост: Pk Вид: Ф N: стар фонд Дата: 01.01.1988 Дата инв: 12.02.2015 Бележки инв: ИП2015 Книги
  Не е изгубен Universal Decimal Classification Не е повреден без рестрикции заемане за дома 185117 Регионална библиотека "Любен Каравелов" Русе Регионална библиотека "Любен Каравелов" Русе Отдел Изкуство - подръчен фонд 1988-01-01 Отдел Изкуство - подръчен фонд 2.00 512476 745/749/М 72 120000512476 4 1.02 Дост: Pk Вид: Ф N: стар фонд Дата: 01.01.1988 Дата инв: 12.02.2015 Бележки инв: ИП2015 Книги
Изтеглен Не е изгубен Universal Decimal Classification Не е повреден без рестрикции заемане за дома 185118 Регионална библиотека "Любен Каравелов" Русе Регионална библиотека "Любен Каравелов" Русе Отдел Изкуство - подръчен фонд 1988-01-01 Отдел Изкуство - подръчен фонд 2.00 517955 745/749/М 72 517955 5 1.02 Дост: Pk Вид: Ф N: стар фонд Дата: 01.01.1988 Книги
Vip Innovations Ltd, Rousse, Bulgaria 2025